Síndromes neurológicos en las malformaciones y lesiones degenerativas del estuche cráneo-vertebral y su tratamiento neuroquirúrgico / (Record no. 144243)

MARC details
000 -LEADER
campo de control de longitud fija 01101nam a2200241 i 4500
001 - NÚMERO DE CONTROL
campo de control 144243
003 - IDENTIFICADOR DE NÚMERO DE CONTROL
campo de control ES-MaACL
005 - FECHA Y HORA DE LA ÚLTIMA TRANSACCIÓN
campo de control 20250812171206.0
007 - CAMPO FIJO DE DESCRIPCIÓN FÍSICA--INFORMACIÓN GENERAL
campo de control de longitud fija t|
008 - DATOS DE LONGITUD FIJA--INFORMACIÓN GENERAL
campo de control de longitud fija 070214s1956 sp r ||||1| spa d
245 00 - MENCIÓN DEL TÍTULO
Título Síndromes neurológicos en las malformaciones y lesiones degenerativas del estuche cráneo-vertebral y su tratamiento neuroquirúrgico /
Mención de responsabilidad, etc. S. Obrador Alcalde ... [et al.] ; con una introducción embriológica por el prof. Orts Llorca.
260 ## - PUBLICACIÓN, DISTRIBUCIÓN, ETC.
Lugar de publicación, distribución, etc. Madrid :
Nombre del editor, distribuidor, etc. Paz Montalvo,
Fecha de publicación, distribución, etc. 1956.
300 ## - DESCRIPCIÓN FÍSICA
Extensión 341 p. ;
Dimensiones 24 cm.
490 1# - MENCIÓN DE SERIE
Mención de serie Monografías del Instituto de Investigaciones Clínicas y Médicas ;
Designación de volumen o secuencia 2
650 04 - PUNTO DE ACCESO ADICIONAL DE MATERIA--TÉRMINO DE MATERIA
Término de materia o nombre geográfico como elemento de entrada Columna vertebral-
Subdivisión general Anomalías y malformaciones.
9 (RLIN) 11154
650 #4 - PUNTO DE ACCESO ADICIONAL DE MATERIA--TÉRMINO DE MATERIA
Término de materia o nombre geográfico como elemento de entrada Cráneo-
Subdivisión general Enfermedades.
9 (RLIN) 170506
700 1# - ENTRADA AGREGADA--NOMBRE PERSONAL
Nombre de persona Obrador Alcalde, Sixto,
Fechas asociadas al nombre 1911-1978
9 (RLIN) 86417
700 1# - ENTRADA AGREGADA--NOMBRE PERSONAL
Nombre de persona Orts Llorca, Francisco (
Fechas asociadas al nombre 1905-1993)
9 (RLIN) 87673
710 2# - ENTRADA AGREGADA--NOMBRE DE ENTIDAD CORPORATIVA
Nombre de entidad corporativa o nombre de jurisdicción como elemento de entrada Instituto de Investigaciones Clínicas y Médicas (Madrid)
9 (RLIN) 4968
830 0# - PUNTO DE ACCESO ADICIONAL DE SERIE-TÍTULO UNIFORME
Título uniforme Monografías del Instituto de Investigaciones Clínicas y Médicas ;
Designación de volumen o secuencia 2
9 (RLIN) 220655
852 ## - LOCALIZACIÓN
Ubicación ES-MaACL
Número de control de estantería C-11720
Holdings
Estatus retirado Estado de pérdida Estado de daño No para préstamo Biblioteca de origen Biblioteca actual Ubicación en estantería Fecha de adquisición Fuente de adquisición Total de préstamos Signatura topográfica completa Código de barras Visto por última vez Precio de reemplazo Tipo de ítem Koha
        Biblioteca del Ateneo de Madrid Biblioteca del Ateneo de Madrid Sala Palomar 17/01/2008     C-11720 1150072 23/02/2023 23/02/2023 Libro impreso